000 00426nam a2200181Ia 4500
001 10608
005 20260306161844.0
008 260306t2015||||xx |||||||||||||| ||spa||
041 _aESP
082 _a944.04
_bM17
100 _aMaistre, Joseph de
_eAUT
245 0 _aConsideraciones sobre Francia
260 _c2015
300 _a198 páginas :
_c20 cm.
650 _aGEN
654 _aCHU
942 _cLIB
_dJUS
_fJUS
_2ddc
_n
999 _c10608
_d10608